Obálka Náhled e-knihy:
PDF Epub
Pro půjčování e-knih musíte být přihlášeni.
Jak si půjčit online?

Hraničářův učeň. Kniha osmnáctá, Léčka u Sorata /

Další příběh z fantasy série o hraničářském učni a jeho přátelích.

Uloženo v:
Série:Hraničářův učeň, část 18
Hlavní autor: Flanagan, John 1944-2026 (Autor)
Další autoři: Dejmková, Eva (Autor)
Médium: E-kniha
Jazyk:Czech
Vydáno: V Praze : Alicanto, 2025
Vydání:1. vydání
Edice:Fantasy (Alicanto)
Témata:
Příbuzné jednotky:Z cyklu:: Hraničářův učeň
Tagy:
Žádné tagy
LEADER 02735nam a2200553 i 4500
001 312623
003 CZ PrSKC
005 20260601215726.0
007 ta
008 250122s2025 xr c 000 f cze
015 |a cnb003667629 
020 |a 9788025260272  |q (vázáno) :  |c Kč 369,00 
035 |a (OCoLC)1505965122 
040 |a ABG001  |b cze  |e rda 
041 1 |a cze  |h eng 
072 7 |a 821.111-3  |x Anglická próza, anglicky psaná  |2 Konspekt 
072 7 |a 821-93  |x Literatura pro děti a mládež (beletrie)  |2 Konspekt 
080 |a 821.111(94)-31  |2 MRF 
080 |a 821-93  |2 MRF 
080 |a (0:82-312.9)  |2 MRF 
100 1 |a Flanagan, John  |q (John Anthony),  |d 1944-2026  |7 xx0081982  |4 aut 
240 1 0 |a Ambush at Sorato.  |l Česky 
245 1 0 |a Hraničářův učeň.  |n Kniha osmnáctá,  |p Léčka u Sorata /  |c John Flanagan ; z anglického originálu The royal ranger, book seven, Ambush at Sorato ... přeložila Eva Dejmková 
246 3 0 |a Léčka u Sorata 
250 |a 1. vydání 
264 1 |a V Praze :  |b Alicanto,  |c 2025 
300 |a 221 stran ;  |c 21 cm 
336 |a text  |b txt  |2 rdacontent 
337 |a bez média  |b n  |2 rdamedia 
338 |a svazek  |b nc  |2 rdacarrier 
490 1 |a Fantasy 
520 2 |a Další příběh z fantasy série o hraničářském učni a jeho přátelích.  |b Will a Maddie jsou v Toskanu na diplomatické misi, když přijde zpráva o cizích jezdcích, kteří překročili severní hranici a drancují krajinu. Vydávají se na sever, kde zjistí, že oněmi nájezdníky je předsunutá jednotka Temudžajů. Dosáhnou však se svými spojenci vítězství a odvrátí nebezpečí, které hrozí od obávaných nepřátel? Nakladatelská anotace. 
521 8 |a Pro čtenáře od 12 let 
655 7 |a australské romány  |7 fd131842  |2 czenas 
655 7 |a fantasy romány  |7 fd184199  |2 czenas 
655 7 |a publikace pro mládež  |7 fd133157  |2 czenas 
655 9 |a Australian fiction  |2 eczenas 
655 9 |a fantasy novels  |2 eczenas 
655 9 |a juvenile literature  |2 eczenas 
700 1 |a Dejmková, Eva  |7 xx0111678  |4 trl 
765 1 |t Royal ranger 
787 0 8 |i Z cyklu:  |t Hraničářův učeň  |g 18 
830 0 |a Fantasy (Alicanto) 
900 |a ABA001  |b 21 
928 9 |a Albatros Media - Alicanto 
044 |a xr 
910 |a RBIT002 
998 |d 417186  |a https://core.palmknihy.cz/api/books/417186/cover?sr4zof  |b https://core.palmknihy.cz/api/books/417186/cover/400?sr4zof  |c https://core.palmknihy.cz/api/books/417186/cover/50?sr4zof  |e 2028-12-31  |g 224  |i 9788025260272  |j https://core.palmknihy.cz/api/books/417186/preview.epub  |k https://core.palmknihy.cz/api/books/417186/preview.pdf  |l   |q 49  |r 1  |s https://www.palmknihy.cz/kniha/417186  |t ebook  |y 2025  |z 0  |v Hraničářův učeň  |w 18 
999 |d 312621